கதைகள் வழி மூதுரை/
Saved in:
| Main Author: | |
|---|---|
| Format: | Book |
| Language: | English Tamil |
| Published: |
இந்தியா;
நன்மொழிப் பதிப்பகம்;
2025
|
| Edition: | 5ம் பதிப்பு |
| Subjects: | |
| Tags: |
Add Tag
No Tags, Be the first to tag this record!
|
MARC
| LEADER | 00000nam a22000007a 4500 | ||
|---|---|---|---|
| 003 | LK-TrUPL | ||
| 005 | 20260417110027.0 | ||
| 008 | 260417b |||||||| |||| 00| 0 eng d | ||
| 022 | |a 9789387239036 | ||
| 040 | |a LK-TrUPL |b tam |d LK-TrUPL | ||
| 041 | |a tam | ||
| 082 | |2 23 |a 894.811 |b சோதிகதைகள் | ||
| 100 | |a சாேதி , எ | ||
| 245 | |a கதைகள் வழி மூதுரை/ |c சாேதி , எ | ||
| 250 | |a 5ம் பதிப்பு | ||
| 260 | |a இந்தியா; |b நன்மொழிப் பதிப்பகம்; |c 2025 | ||
| 300 | |a ப,80, |c ச,மீ,22. | ||
| 500 | |a 1ம் பதிப்பு 2013 | ||
| 650 | 0 | |a கதை | |
| 942 | |c LBK | ||
| 999 | |c 13346 |d 13346 | ||